FIFA World Cup 2026 - Norway Squad - Statistics

General Stats
  • This quiz has been taken 8 times
  • The average score is 19 of 27
Answer Stats
Team # Position Club/Country Player % Correct
Norway 7 ST Atlético de Madrid Alexander Sørloth
100%
Norway 20 LW RB Leipzig Antonio Nusa
100%
Norway 9 ST Manchester City Erling Haaland
100%
Norway 10 AM Arsenal FC Martin Ødegaard
100%
Norway 1 GK Sevilla FC Ørjan Nyland
100%
Norway 21 LW SL Benfica Andreas Schjelderup
88%
Norway 5 LB Wolverhampton Wanderers David Møller Wolfe
88%
Norway 14 CM SL Benfica Fredrik Aursnes
88%
Norway 11 ST Crystal Palace Jørgen Strand Larsen
88%
Norway 26 RB Borussia Dortmund Julian Ryerson
88%
Norway 3 CB Brentford FC Kristoffer Ajer
88%
Norway 4 CB Genoa CFC Leo Østigård
88%
Norway 22 RW Fulham FC Oscar Bobb
88%
Norway 6 DM FK Bodø/Glimt Patrick Berg
88%
Norway 8 DM Fulham FC Sander Berge
88%
Norway 23 LW FK Bodø/Glimt Jens Petter Hauge
75%
Norway 15 LB FK Bodø/Glimt Fredrik Bjørkan
63%
Norway 18 CM US Sassuolo Kristian Thorstvedt
63%
Norway Manager Norway Ståle Solbakken
63%
Norway 13 GK Watford FC Egil Selvik
50%
Norway 16 RB Torino FC Marcus Pedersen
50%
Norway 19 AM Rangers FC Thelo Aasgaard
50%
Norway 12 GK Hamburger SV Sander Tangvik
38%
Norway 24 CB Derby County Sondre Langås
38%
Norway 25 CB Viking FK Henrik Falchener
25%
Norway 2 CM US Cremonese Morten Thorsby
25%
Norway 17 CB Bologna FC 1909 Torbjørn Heggem
25%
No matching quizzes found
Score Distribution
Percent of People with Each Score
Percentile by Number Answered
Your Score History
You have not taken this quiz